000 00484nam a2200181Ia 4500
008 230711s9999||||xx |||||||||||||| ||und||
020 _a978-0-07-015154-3
041 _aENG
082 _a519.5
_bSP-P
100 _aSpiegel,Murry R
245 0 _aSchaum's outlines probability and statistics
250 _a3rd Ed.
260 _c2016
_aNew Delhi
_bMcGraw Hill Education(India) Private Limited
300 _a11.50p.
650 _aMathematics
700 _aSchiller,John
942 _cBK
999 _c6211
_d6211